000 00534nam a22001817a 4500
999 _c11681
_d11681
008 201024b 1985 ||||| |||| 00| 0 eng d
020 _a0851744508
082 _a623.8881
_bTHO
100 _aThomas, R. E.
245 _aThomas stowage : the properties and stowage of cargoes
260 _aTaiwan
_bBrown, Son & Ferguson Ltd
_c1985
300 _a370p.
650 _aDrums, Barrels, Casks, etc
650 _aRefrigeration
650 _aWet damage
700 _aThomas, O.O.
_aAgnew, John
_aCole, K. L.
_eCo-author
942 _cBK